| 000 | 00604nam a22001817a 4500 | ||
|---|---|---|---|
| 005 | 20240201133957.0 | ||
| 008 | 240201b |||||||| |||| 00| 0 eng d | ||
| 020 | _a9781485126690 | ||
| 041 | _aEnglish | ||
| 082 | _a346.5 HON | ||
| 100 |
_aCameron, E ; De Waal, M and Solomon, P _lEnglish |
||
| 245 |
_aHonore's South African Law of Trusts / _cE Cameron, M De Waal and P Solomon |
||
| 250 | _aSixth Edition | ||
| 260 |
_aCape Town : _bJuta and Company (Pty) Ltd, _c2018 |
||
| 300 |
_bciv, 816 pages ; _c26 cm. |
||
| 650 |
_aLegal practice _bLaw |
||
| 942 |
_cBK _6ALISON_BN_VRIES |
||
| 999 |
_c1322 _d1322 |
||